000 00503nam a2200181Ia 4500
999 _c33719
_d33719
003 OSt
005 20200904115052.0
008 190216s9999||||xx |||||||||||||| ||und||
020 _a8187134178
040 _coclc
082 _a530.12
_bBIS/Q
100 _aBiswas, S N
_94436
245 0 _aQuantum Mechanics /
_cS N Biswas
260 _bBooks and Allied Publications,
_c1999.
_aKolkata:
300 _a465p
650 _aPhysics
942 _cBK
_2ddc
_h530.12
_iBIS/Q
_k530.12
_mBIS/Q